000 00445nam a2200145Ia 4500
008 231129s1995||||xx |||||||||||||| ||spa||
020 _a958-612-171-2
040 _bspa
082 _a343.6861 P426s
100 _aPerafan Simmonds Carlos Cesar
245 0 _aSistemas juridicos Paez Kogi Wayuu y Tule
260 _c1995
264 _aInstituto Colombiano de Antropologia / Colcultura
942 _2ddc
_cBKS
999 _c24694
_d24694